[Event "Pavia op"]
[Site "Pavia"]
[Date "2009.02.13"]
[Round "1"]
[White "Brenco, Marco"]
[Black "Pedini, Dario"]
[Result "0-1"]
[WhiteElo "2068"]
[BlackElo "2153"]
[PlyCount "70"]
[EventDate "2009.02.13"]
[EventType "swiss"]
[EventRounds "5"]
[EventCountry "ITA"]
[SourceTitle "CBM 129 Extra"]
[Source "ChessBase"]
[SourceDate "2009.05.05"]
[SourceVersion "2"]
[SourceVersionDate "2009.05.20"]
[SourceQuality "1"]

1. c4 e5 2. Nc3 Nc6 3. Nf3 g6 4. g3 Bg7 5. Bg2 f5 6. d3 Nf6 7. 0-0 0-0 8. Rb1 h6 9. b4 d6 10. b5 Ne7 11. c5 g5 12. cxd6 cxd6 13. Qb3+ Kh8 14. Ba3 f4 15. Ne4 Nf5 16. Qb4 g4 17. Nfd2 Nd4 18. Nc3 Ne8 19. f3 h5 20. Rbc1 a5 21. Qa4 Qb6 22. Kh1 Be6 23. fxg4 hxg4 24. Nc4 Bxc4 25. Qxc4 f3 26. exf3 gxf3 27. Bh3 Nf6 28. Nd5 Nxd5 29. Qxd5 Rf6 30. Rc4 Rh6 31. Bg4 Rf8 32. Bb2 Ne2 33. Bxf3 Nxg3+ 34. Kg2 Nxf1 35. Kxf1 Rxh2 0-1

[Event "Milan Bosi op"]
[Site "Milan"]
[Date "2007.10.28"]
[Round "6"]
[White "Brenco, Marco"]
[Black "Bozzali, Ermanno"]
[Result "1/2-1/2"]
[WhiteElo "2030"]
[BlackElo "2136"]
[PlyCount "53"]
[EventDate "2007.10.20"]
[EventType "swiss"]
[EventRounds "7"]
[EventCountry "ITA"]
[SourceTitle "EXT 2010"]
[Source "ChessBase"]
[SourceDate "2010.11.25"]
[SourceVersion "1"]
[SourceVersionDate "2010.11.25"]
[SourceQuality "1"]

1. e4 e5 2. Nc3 Nf6 3. f4 d6 4. Nf3 exf4 5. d4 Be7 6. Bxf4 0-0 7. Bd3 Nh5 8. Be3 Bg4 9. 0-0 Nc6 10. Nd5 Nf6 11. c4 Re8 12. Qe1 Bh5 13. Nf4 Bg6 14. Nxg6 hxg6 15. Ng5 Qd7 16. h3 Rf8 17. Qh4 Nh5 18. g4 f6 19. gxh5 fxg5 20. Bxg5 Bxg5 21. Qxg5 Qxh3 22. hxg6 Nxd4 23. Qd5+ Ne6 24. Rf5 Qg3+ 25. Kh1 Qh3+ 26. Kg1 Qg3+ 27. Kh1 1/2-1/2

[Event "Milan Bosi op"]
[Site "Milan"]
[Date "2007.10.27"]
[Round "4"]
[White "Brenco, Marco"]
[Black "Astengo, Marcello"]
[Result "1-0"]
[WhiteElo "2030"]
[BlackElo "2024"]
[PlyCount "65"]
[EventDate "2007.10.20"]
[EventType "swiss"]
[EventRounds "7"]
[EventCountry "ITA"]
[SourceTitle "EXT 2010"]
[Source "ChessBase"]
[SourceDate "2010.11.25"]
[SourceVersion "1"]
[SourceVersionDate "2010.11.25"]
[SourceQuality "1"]

1. e4 c6 2. d4 d5 3. e5 Bf5 4. Nc3 e6 5. g4 Bg6 6. Nge2 f6 7. Nf4 Bf7 8. h4 fxe5 9. dxe5 Nd7 10. Qe2 d4 11. Ne4 Qa5+ 12. Bd2 Qxe5 13. Nd3 Qc7 14. Ng5 e5 15. Nxf7 Kxf7 16. 0-0-0 Bd6 17. g5 Ne7 18. Qf3+ Kg8 19. Nb4 Nb6 20. Bh3 h6 21. Be6+ Kh7 22. Qe4+ g6 23. h5 Rag8 24. Bxg8+ Kxg8 25. gxh6 c5 26. hxg6 cxb4 27. h7+ Kf8 28. Qf3+ Ke8 29. Qf7+ Kd7 30. g7 d3 31. c3 bxc3 32. Bxc3 Ba3 33. Rxd3+ 1-0